00334 a2200097 4500001001000000005001700010008004100027245002100068100002600089773012100115ART_4286620260410161918.0260409a 10aSector portuario1 aSarro, Lucía Andrea0 tDocumentos de trabajo de contabilidad, auditoría y responsabilidad socialg- Año 5, Nº 10 (dic. 2015)wREV14385